00563nam a2200145 a 4500008004100000050001100041100002300052245013500075260009100210350000900301650002200310650004100332650002500373700001900398070215s2005 xx |||||||||||||| || u aTHESIS aMpezilwe, Simukoko10aThird generation mobile phone communication in Zambiacthesis by Mpezilwe Simukoko, and Victor Chibwe and supervised by K. Mulenga abCopperbelt University, School of Technology, Electrical Engineering Departmentc2005 a0.00 aTELECOMMUNICATION aMobile communication systems--Zambia aELECTRIC ENGINEERING aChibwe, Victor